| 000 | 00988cab a2200265 4500 | ||
|---|---|---|---|
| 001 | ABS52746 | ||
| 008 | 090401t1995 xxu||||| |||| 00| 0 eng d | ||
| 035 | _a(Sirsi) u93962 | ||
| 041 | _aeng | ||
| 100 | _aLewison, K. | ||
| 245 | _aObstructive landlords jam the rent-review machinery | ||
| 260 | _c1995 | ||
| 350 | _a0 | ||
| 490 |
_aProperty Week _v51(1) 6 April 1995, 27(1) |
||
| 520 | _aCautions against poor drafting of leases, which can deprive a tenant of a downward rent review by retaining in the lease the right of the landlord to apply for the appointment of an arbitrator. Illustrated by "Harbenstyle Ltd v The Rhodes Trust" and "The Royal Bank of Scotland plc v Jennings". | ||
| 650 | _aDOWNWARDS | ||
| 650 | _aRENT REVIEW CLAUSES | ||
| 650 | _aRENT REVIEWS | ||
| 650 | _aSUDBROOK TRADING ESTATE LTD V EGGLETON | ||
| 650 | _aUPWARDS | ||
| 650 | _aUPWARD ONLY RENT REVIEWS | ||
| 690 | _aLANDLORD AND TENANT-RENT REVIEWS | ||
| 942 | _n0 | ||
| 948 | _c04/03/1997 | ||
| 999 |
_c59545 _d59545 |
||